The battle for gay news

Gorde:
Xehetasun bibliografikoak
Egile nagusia: Hanscombe, Gillian Eve
Formatua: Liburua
Hizkuntza:ingelesa
Argitaratua: Brilliance Books Ltd 1983
Etiketak: Etiketa erantsi
Etiketarik gabe, Izan zaitez lehena erregistro honi etiketa jartzen!

MARC

LEADER 00000nam a2200000 4500
005 20240831164918.0
008 240731b |||||||| |||| 00| 0 eng d
020 |a 0946189609 
040 |c GP 
100 |a Hanscombe, Gillian Eve 
245 |a The battle for gay news 
260 |b Brilliance Books Ltd  |c 1983 
942 |2 ddc  |c BK  |n 0 
952 |0 0  |1 0  |2 ddc  |4 0  |6 810_000000000000000_HAN  |7 1  |9 1729  |a RM  |b RM  |d 2024-07-31  |l 0  |o 810 HAN  |p 507  |r 2024-07-31 18:24:28  |w 2024-07-31  |y BK 
999 |c 1545  |d 1545